00656nam a22001817a 4500003000900000008004100009020001800050040007100068082002500139100001800164245006100182260004100243300004600284505008700330650001300417650001900430700002500449AR-CdUCM190605b ||||| |||| 00| 0 spa d a0-07-015524-0 aMUNICIPALIDAD PROVINCIAL DEL CUSCOcBIBLIOTECA MUNICIPAL DEL CUSCO a658.408 /bD3123ed. aDavis, Keith  aBusness and society :bEnvironment and responsibility / aNew York :bMcGRAW-HILL BOOK,c1975. a597 páginas ;bIlustraciones,c23.5 cm. aContenido: La interfaz de los negocios y la sociedad -- Ideología empresarial... aSociedad aEstados Unidos aBlomstrom, Robert L.